XXXTENTACION Most Popular Songs - Statistics

General Stats
  • This quiz has been taken 85 times
    32 since last reset
  • The average score is 11 of 20
Answer Stats
No. Album Song Streams % Correct
1 ? SAD! 2,389,124,224
100%
7 ? Hope 1,726,789,805
83%
14 SKINS BAD! 645,168,766
79%
4 17 Fuck Love 1,946,940,409
75%
9 Come Over WhenYou're Sober, Pt.2 (Lil Peep) Falling Down - Bonus Track 1,479,751,511
71%
3 ? Moonlight 2,130,036,141
71%
8 - Look At Me! 1,607,544,509
67%
10 ? changes 1,456,527,618
63%
2 17 Jocelyn Flores 2,375,407,733
63%
5 17 Everybody Dies In Their Nightmares 1,808,379,027
58%
18 - (Noah Cyrus) Again (feat. XXXTENTACION) 542,473,204
50%
6 17 Revenge 1,738,317,068
50%
11 ? the remedy for a broken heart (why am I so in love) 1,039,449,860
46%
16 17 Carry On 605,504,921
38%
17 ? NUMB 569,912,699
38%
12 Project Baby 2: AllGrown Up (Kodak Black) Roll in Peace (feat. XXXTENTACION) 754,825,959
33%
20 You Will Regret (Ski Mask The Slump God) Take A Step Back 439,559,929
33%
13 - I Don't Wanna Do This Anymore 699,364,463
29%
15 - Arms Around You (feat. Maluma & Swae Lee) 623,894,416
25%
19 - YuNg BrAtZ 496,832,188
25%
No matching quizzes found
Score Distribution
Percent of People with Each Score
Percentile by Number Answered
Your Score History
You have not taken this quiz since the last reset